000 00582nam a2200229Ia 4500
003 OSt
005 20221005131634.0
006 a|||||r|||| 00| 0
007 ta
008 221004b |||||||| |||| 00| 0 tel d
024 _a39752
037 _cTextual
040 _aCRL
_cCRL
_btel
041 _2tel
_atel
082 _aX:3M24xM18w, 35L3
100 _aVanetramiah Tr.
_9639911
245 0 _aStepanova karl marx
300 _a123p.
_ccm.
650 _aMARXISM
942 _hX:3M24xM18w, 35L3
_cTEXL
_2cc
999 _c1061000
_d1061000